000 003760000a22001570004500
003 MACL
040 _aMACL
090 _c31978
_d31976
100 _aLeon, Alexis
245 _aSQL A Complete Reference
260 _bTata McGraw Hill Publishing Com Ltd
_c2002
350 _a350
650 _aComputer Programming
942 _cBOOK
_k005.7585/LEO
951 _o005.7585/LEO BOOK
999 _c31655
_d31655